[Event "Brescia Province-ch"]
[Site "Sarezzo"]
[Date "2014.01.26"]
[Round "2"]
[White "Ricci, Davide"]
[Black "Muffolini, Riccardo"]
[Result "1-0"]
[WhiteElo "1413"]
[BlackElo "1467"]
[PlyCount "94"]
[EventDate "2014.01.25"]
[EventType "swiss"]
[EventRounds "6"]
[EventCountry "ITA"]
[SourceTitle "EXT 2015"]
[Source "ChessBase"]
[SourceDate "2014.11.20"]
[SourceVersion "1"]
[SourceVersionDate "2014.11.20"]
[SourceQuality "1"]

1. d4 d5 2. c4 e6 3. Nc3 Nf6 4. Bg5 Be7 5. e3 b6 6. Qb3 Bb7 7. cxd5 exd5 8. Nf3 Nbd7 9. Bb5 c6 10. Be2 h6 11. Bh4 0-0 12. h3 Qc7 13. g4 Rfe8 14. g5 hxg5 15. Bxg5 Ne4 16. h4 Nxc3 17. Qxc3 f6 18. Bf4 Bd6 19. Bxd6 Qxd6 20. h5 Kf7 21. Bd3 Ke7 22. Nh4 Kd8 23. Bg6 Rg8 24. Nf5 Qe6 25. Qa3 c5 26. Rg1 a5 27. Bh7 Rh8 28. Rxg7 Rxh7 29. Rxh7 Qxf5 30. Rh8+ Kc7 31. Rxa8 Bxa8 32. Rc1 Qxh5 33. dxc5 Nxc5 34. b4 Qh1+ 35. Kd2 Qf3 36. Ke1 axb4 37. Qxa8 Kd6 38. Qd8+ Ke5 39. Qc7+ Kf5 40. Rd1 Qh1+ 41. Ke2 Qg2 42. Qc8+ Ke5 43. Qc7+ Kf5 44. Qh7+ Ke5 45. Qh5+ Ke6 46. Qe8+ Kf5 47. Qc8+ Ke5 1-0